| 000 | 004620000a22001930004500 | ||
|---|---|---|---|
| 003 | LK-CoMWRAF | ||
| 005 | 20230824211221.0 | ||
| 008 | 230817t2005 ||||| |||| 00| 0 eng d | ||
| 020 | _a9558897019 | ||
| 040 |
_aLK-CoMWRAF _dLK-CoMWRAF _eLK-CoMWRAF |
||
| 041 | _aeng | ||
| 082 |
_a823 _bFER |
||
| 100 | _aFerrey, Ashok | ||
| 245 | _aColpetty People | ||
| 260 |
_bPerera-Hussein _aSri Lanka _c2005 |
||
| 300 | _a207 p | ||
| 650 | _aEnglish Fiction | ||
| 942 | _cBK | ||
| 999 |
_c886 _d886 |
||